000 00286nam a22001337a 4500
008 170406b xxu||||| |||| 00| 0 eng d
020 _a9780443066283
041 _aeng
080 _24TH
_a611.018
100 _a9
101 _aSHM
245 _aHEMATOLOGY
_cHOFFMAN, R
942 _2udc
_cBK
999 _c9915
_d9915